[Event "MCR_O184"]
[Site "?"]
[Date "2004.??.??"]
[Round "?"]
[White "Ptacek, Jiri"]
[Black "Zabrodsky, Zdenek"]
[Result "1/2-1/2"]
[WhiteElo "1800"]
[BlackElo "2000"]
[PlyCount "60"]
[EventDate "2004.??.??"]
[EventType "corr"]
[EventRounds "2"]
[SourceDate "2005.03.12"]

1. Nf3 d5 2. d4 Nf6 3. Nc3 Bg4 4. Ne5 Bh5 5. Bg5 e6 6. g3 h6 7. Bxf6 gxf6 8.
Nf3 Bxf3 9. exf3 Bb4 10. Qd3 c6 11. Be2 Nd7 12. O-O Qe7 13. a3 Bd6 14. f4 f5
15. Bf3 Nf6 16. Rfe1 Ne4 17. Bg2 h5 18. Nxe4 fxe4 19. Qe3 f5 20. f3 h4 21. Kf2
hxg3+ 22. hxg3 Kd7 23. Rh1 Qg7 24. Rxh8 Rxh8 25. Rh1 Rxh1 26. Bxh1 Qh8 27. Kg1
Qh3 28. fxe4 fxe4 29. Bg2 Qg4 30. Kf2 b6 1/2-1/2

[Event "MCR_O184"]
[Site "?"]
[Date "2004.??.??"]
[Round "?"]
[White "Sindelar, Frantisek"]
[Black "Esterka, Jan"]
[Result "1/2-1/2"]
[WhiteElo "1823"]
[BlackElo "1800"]
[PlyCount "96"]
[EventDate "2004.??.??"]
[EventType "corr"]
[EventRounds "2"]
[SourceDate "2005.03.12"]

1. d4 Nf6 2. c4 g6 3. Nc3 d5 4. Nf3 Bg7 5. cxd5 Nxd5 6. e4 Nxc3 7. bxc3 c5 8.
Rb1 O-O 9. Be3 Nc6 10. Be2 cxd4 11. cxd4 Qa5+ 12. Bd2 Qxa2 13. Ra1 Qb2 14. Rb1
Qa3 15. d5 Ne5 16. Bb4 Nxf3+ 17. Bxf3 Bc3+ 18. Bxc3 Qxc3+ 19. Qd2 Qxd2+ 20.
Kxd2 Rd8 21. Rhc1 e6 22. Rc7 exd5 23. exd5 Be6 24. Rbxb7 Bxd5 25. Bxd5 Rxd5+
26. Kc3 Rf5 27. f3 a5 28. h3 Re8 29. Kd2 Ree5 30. Ra7 Rb5 31. Kc3 Rfc5+ 32.
Rxc5 Rxc5+ 33. Kd3 Kg7 34. h4 h5 35. g3 Rc1 36. Rxa5 Rg1 37. Ke3 Rxg3 38. Kf2
Rh3 39. Ra4 Rh1 40. Kg3 Rb1 41. Rc4 Rb5 42. Kf4 Rf5+ 43. Ke4 Kh6 44. Rc6 Ra5
45. Kf4 Ra4+ 46. Kg3 Ra7 47. Rd6 Re7 48. Kf4 Kg7 1/2-1/2

[Event "MCR_O184"]
[Site "?"]
[Date "2004.??.??"]
[Round "?"]
[White "Sindelar, Frantisek"]
[Black "Kudr, Roman"]
[Result "0-1"]
[WhiteElo "1823"]
[BlackElo "1857"]
[PlyCount "92"]
[EventDate "2004.??.??"]
[EventType "corr"]
[EventRounds "2"]
[SourceDate "2005.03.12"]

1. d4 d5 2. c4 e6 3. e3 Nf6 4. Nc3 c6 5. Nf3 Nbd7 6. Bd3 a6 7. O-O dxc4 8. Bxc4
b5 9. Bd3 c5 10. Qe2 Bb7 11. Rd1 Qc7 12. e4 cxd4 13. Nxd4 b4 14. Na4 Bd6 15. h3
O-O 16. a3 bxa3 17. bxa3 Ne5 18. Bc2 Rac8 19. Rb1 Rfd8 20. Bf4 Nf3+ 21. Nxf3
Bxf4 22. Rxd8+ Rxd8 23. Rb3 Bxe4 24. Rc3 Qd6 25. Nb2 Bb7 26. g3 Bh6 27. Nc4 Qc6
28. Rb3 Qc7 29. Nce5 Bd5 30. Rb1 Qc3 31. a4 a5 32. Rd1 Rc8 33. Nd4 g6 34. Rd3
Qb4 35. Rd1 Bg7 36. Qe3 Ba8 37. Qb3 Nd5 38. Ndf3 Qc5 39. Bd3 Nb4 40. Re1 Bd5
41. Qb1 f6 42. Nd7 Qd6 43. Nxf6+ Bxf6 44. Be4 Qc6 45. Bxd5 exd5 46. Qd1 Qc2 0-1

[Event "MCR_O184"]
[Site "?"]
[Date "2004.??.??"]
[Round "?"]
[White "Sindelar, Frantisek"]
[Black "Novak, Jindrich"]
[Result "1-0"]
[WhiteElo "1823"]
[BlackElo "1800"]
[PlyCount "21"]
[EventDate "2004.??.??"]
[EventType "corr"]
[EventRounds "2"]
[SourceDate "2005.03.12"]

1. d4 Nf6 2. c4 d6 3. Nf3 Bg4 4. Qb3 Qc8 5. Bg5 Nbd7 6. Nbd2 e5 7. Bxf6 gxf6 8.
e3 f5 9. c5 e4 10. Ng5 Bh5 11. Bc4 1-0

[Event "MCR_O184"]
[Site "?"]
[Date "2004.??.??"]
[Round "?"]
[White "Sindelar, Frantisek"]
[Black "Pressl, Ladislav"]
[Result "1-0"]
[WhiteElo "1823"]
[BlackElo "1970"]
[PlyCount "73"]
[EventDate "2004.??.??"]
[EventType "corr"]
[EventRounds "2"]
[SourceDate "2005.03.12"]

1. d4 Nf6 2. c4 c5 3. d5 d6 4. Nc3 g6 5. e4 Bg7 6. Bd3 O-O 7. Nge2 Nbd7 8. Ng3
Qa5 9. O-O Re8 10. f4 Nb6 11. f5 Nbd7 12. Bf4 Ne5 13. Bxe5 dxe5 14. Qd2 b6 15.
Rf3 Bb7 16. Raf1 a6 17. a3 Red8 18. Nge2 b5 19. fxg6 fxg6 20. Nc1 Qb6 21. Nb3
Rac8 22. Qg5 Ba8 23. R3f2 Qc7 24. Nd2 b4 25. axb4 cxb4 26. Na4 Rf8 27. c5 Rcd8
28. Bc4 Kh8 29. Kh1 Ng8 30. Rxf8 Rxf8 31. Rxf8 Bxf8 32. Nf3 Bg7 33. Qg3 Bf6 34.
Qg4 Bb7 35. Qe6 Bc8 36. Qxg8+ Kxg8 37. d6+ 1-0

[Event "MCR_O184"]
[Site "?"]
[Date "2004.??.??"]
[Round "?"]
[White "Sindelar, Frantisek"]
[Black "Ptacek, Jiri"]
[Result "1-0"]
[WhiteElo "1823"]
[BlackElo "1800"]
[PlyCount "71"]
[EventDate "2004.??.??"]
[EventType "corr"]
[EventRounds "2"]
[SourceDate "2005.03.12"]

1. d4 d5 2. c4 dxc4 3. Nf3 Nf6 4. e3 e6 5. Bxc4 Be7 6. O-O O-O 7. Qc2 b6 8. e4
Ba6 9. Bxa6 Nxa6 10. Rd1 Qc8 11. Nc3 Rd8 12. Qe2 h6 13. Bf4 c6 14. d5 cxd5 15.
exd5 Bd6 16. dxe6 Bxf4 17. Rxd8+ Qxd8 18. exf7+ Kxf7 19. Qxa6 Kf8 20. Rd1 Qc8
21. Qa4 Bc7 22. Nb5 a6 23. Qb4+ Kg8 24. Qc4+ Kh8 25. Nxc7 b5 26. Qc5 Rb8 27.
Ne5 Qb7 28. Nf7+ Kh7 29. Qf5+ Kg8 30. Nxh6+ Kh8 31. Ne6 gxh6 32. Qxf6+ Kh7 33.
Rd6 Kg8 34. Rd4 h5 35. Rd5 Qh7 36. Rg5+ 1-0

[Event "MCR_O184"]
[Site "?"]
[Date "2004.??.??"]
[Round "?"]
[White "Sindelar, Frantisek"]
[Black "Zabrodsky, Zdenek"]
[Result "1-0"]
[WhiteElo "1823"]
[BlackElo "2000"]
[PlyCount "65"]
[EventDate "2004.??.??"]
[EventType "corr"]
[EventRounds "2"]
[SourceDate "2005.03.12"]

1. d4 d5 2. c4 c6 3. e3 Nf6 4. Nc3 e6 5. Nf3 b6 6. Bd3 dxc4 7. Bxc4 Bb4 8. O-O
O-O 9. a3 Bxc3 10. bxc3 Nd5 11. Bd3 h6 12. Qc2 b5 13. Rb1 a6 14. c4 bxc4 15.
Bxc4 Nd7 16. e4 Ne7 17. Rd1 Qc7 18. Bd2 Nf6 19. Bd3 Rd8 20. Rdc1 Bd7 21. Qc5
Ng6 22. e5 Nd5 23. Ba5 Qc8 24. Bxg6 fxg6 25. Bxd8 Qxd8 26. Qd6 a5 27. Rb7 Be8
28. Rcb1 Qxd6 29. exd6 Nf6 30. Rb8 Ra7 31. Ne5 Kh7 32. R1b7 Rxb7 33. Rxb7 1-0

[Event "MCR_O184"]
[Site "?"]
[Date "2004.??.??"]
[Round "?"]
[White "Zabrodsky, Zdenek"]
[Black "Esterka, Jan"]
[Result "1/2-1/2"]
[WhiteElo "2000"]
[BlackElo "1800"]
[PlyCount "94"]
[EventDate "2004.??.??"]
[EventType "corr"]
[EventRounds "2"]
[SourceDate "2005.03.12"]

1. e4 c5 2. c3 d5 3. exd5 Qxd5 4. d4 e6 5. Nf3 Nc6 6. Be2 cxd4 7. cxd4 Bb4+ 8.
Nc3 Qa5 9. Bd2 Nf6 10. a3 Be7 11. O-O O-O 12. Rc1 Qd8 13. Be3 Nd5 14. Nxd5 Qxd5
15. Bc4 Qa5 16. Qe2 Bf6 17. Bb5 Ne7 18. Rc5 Qd8 19. Bd3 Nd5 20. Ne5 g6 21. Be4
b6 22. Rc2 Bb7 23. Rfc1 Qd6 24. Nc4 Qd7 25. Bxd5 Qxd5 26. f3 Bxd4 27. Rd1 Bxe3+
28. Nxe3 Qh5 29. Ng4 Qg5 30. Rc7 Bd5 31. Qe5 Qxe5 32. Nxe5 f6 33. Nc6 Bxc6 34.
Rxc6 e5 35. Rdd6 Rad8 36. Kf2 Rxd6 37. Rxd6 Rf7 38. Rc6 Kg7 39. Ke3 Rd7 40. g3
g5 41. h3 Kg6 42. Ke2 h5 43. Rc3 Kf5 44. Rc4 Re7 45. Ke3 Rh7 46. b3 h4 47. g4+
Kg6 1/2-1/2

[Event "MCR_O184"]
[Site "?"]
[Date "2004.??.??"]
[Round "?"]
[White "Zabrodsky, Zdenek"]
[Black "Kudr, Roman"]
[Result "0-1"]
[WhiteElo "2000"]
[BlackElo "1857"]
[PlyCount "76"]
[EventDate "2004.??.??"]
[EventType "corr"]
[EventRounds "2"]
[SourceDate "2005.03.12"]

1. e4 e5 2. Nf3 Nf6 3. d3 Nc6 4. Be2 Bc5 5. O-O O-O 6. Bg5 d6 7. Nc3 h6 8. Bxf6
Qxf6 9. Nd5 Qd8 10. c3 a6 11. d4 Ba7 12. dxe5 Nxe5 13. Nxe5 dxe5 14. Kh1 c6 15.
Nb4 Qh4 16. Nd3 Qxe4 17. f4 Rd8 18. fxe5 Bh3 19. Bf3 Qxd3 20. gxh3 Qb5 21. Qe2
Re8 22. Qxb5 axb5 23. Rfe1 Bb8 24. a3 Bxe5 25. Rad1 Re7 26. Bg4 g6 27. Rd7 Rxd7
28. Bxd7 Rd8 29. Rxe5 Rxd7 30. Re2 f5 31. Kg2 Kf7 32. Kf2 Rd3 33. Kg2 Kf6 34.
h4 b6 35. Rc2 c5 36. b4 c4 37. h3 f4 38. Kh2 Kf5 0-1

[Event "MCR_O184"]
[Site "?"]
[Date "2004.??.??"]
[Round "?"]
[White "Zabrodsky, Zdenek"]
[Black "Novak, Jindrich"]
[Result "0-1"]
[WhiteElo "2000"]
[BlackElo "1800"]
[PlyCount "114"]
[EventDate "2004.??.??"]
[EventType "corr"]
[EventRounds "2"]
[SourceDate "2005.03.12"]

1. e4 b6 2. d4 Bb7 3. Nc3 e6 4. Bd3 Nf6 5. Nf3 c5 6. Bf4 d5 7. exd5 exd5 8.
Bb5+ Nbd7 9. Qe2+ Be7 10. O-O O-O 11. Rad1 c4 12. Bxd7 Qxd7 13. Ne5 Qf5 14. Bg3
Rfe8 15. Nb5 Ne4 16. Nc7 h5 17. Qf3 Qxf3 18. gxf3 Ng5 19. Nxa8 Rxa8 20. h4 Ne6
21. f4 g6 22. Rfe1 Kg7 23. Nf3 Bf6 24. c3 a5 25. Ng5 Bc8 26. Rd2 Bd7 27. Rde2
Nf8 28. f5 gxf5 29. Be5 Ng6 30. Bxf6+ Kxf6 31. Nf3 Be6 32. Kh2 Nf4 33. Re3 b5
34. Ng5 Ra6 35. Nxe6 fxe6 36. Rg3 b4 37. Rg8 bxc3 38. bxc3 Rb6 39. Rf8+ Kg7 40.
Ra8 Rb2 41. Rxa5 Rxf2+ 42. Kg3 Re2 43. Rg1 Ng6 44. Kf3 Re4 45. Ra6 Kf6 46. Rb1
Rxh4 47. Rb5 Rh3+ 48. Kf2 Nf4 49. a4 Rxc3 50. a5 Rc2+ 51. Kf3 Kg5 52. Ra8 Ne2
53. Rb1 Nxd4+ 54. Kg3 h4+ 55. Kh3 Nf3 56. Rh1 Kf4 57. a6 Ra2 0-1

[Event "MCR_O184"]
[Site "?"]
[Date "2004.??.??"]
[Round "?"]
[White "Zabrodsky, Zdenek"]
[Black "Pressl, Ladislav"]
[Result "0-1"]
[WhiteElo "2000"]
[BlackElo "1970"]
[PlyCount "100"]
[EventDate "2004.??.??"]
[EventType "corr"]
[EventRounds "2"]
[SourceDate "2005.03.12"]

1. e4 c5 2. c3 d5 3. exd5 Qxd5 4. d4 e5 5. dxe5 Qxd1+ 6. Kxd1 Nc6 7. Bb5 Bg4+
8. f3 O-O-O+ 9. Bd2 Bd7 10. Bxc6 Bxc6 11. Nh3 h6 12. Re1 g5 13. Nf2 Bg7 14. Kc2
Re8 15. Nd3 c4 16. Nb4 Bd7 17. b3 Bxe5 18. Na3 Bf5+ 19. Kb2 Re6 20. g3 cxb3 21.
axb3 Nf6 22. Nc4 Bb8 23. Rxe6 Bxe6 24. Be3 Bxc4 25. bxc4 Re8 26. Bd4 Nd7 27.
Kb3 Ne5 28. Re1 Re6 29. Bxe5 Rxe5 30. Rxe5 Bxe5 31. Nd3 Bc7 32. c5 Kd7 33. c4
Ke6 34. Kc3 f5 35. Kd4 Kd7 36. Kd5 a5 37. Nb2 h5 38. Na4 g4 39. f4 h4 40. Nc3
h3 41. Ne2 Ke7 42. Kd4 Ke6 43. Ke3 a4 44. Nd4+ Kf6 45. Ne2 Kg6 46. Nd4 Ba5 47.
Nc2 Kf6 48. Kd3 Bd8 49. Ke3 Be7 50. Kd4 Ke6 0-1

[Event "MCR_O184"]
[Site "?"]
[Date "2004.??.??"]
[Round "?"]
[White "Zabrodsky, Zdenek"]
[Black "Ptacek, Jiri"]
[Result "1/2-1/2"]
[WhiteElo "2000"]
[BlackElo "1800"]
[PlyCount "70"]
[EventDate "2004.??.??"]
[EventType "corr"]
[EventRounds "2"]
[SourceDate "2005.03.12"]

1. e4 e5 2. Nf3 Nf6 3. d3 d6 4. b3 g6 5. Bb2 Bg7 6. Be2 Nc6 7. Nc3 O-O 8. O-O
b6 9. Re1 Bb7 10. Nd5 Nxd5 11. exd5 Ne7 12. c4 c6 13. dxc6 Nxc6 14. Qc2 Qc7 15.
Rad1 Rad8 16. Ng5 Ne7 17. Bg4 Bc8 18. Bxc8 Rxc8 19. Qe2 Qd7 20. Ba3 Nf5 21. Bb2
Rfe8 22. Ne4 d5 23. cxd5 Qxd5 24. Qf3 Qd8 25. Rc1 Rxc1 26. Rxc1 Nd6 27. Nxd6
Qxd6 28. Rc6 Qe7 29. Qe4 f6 30. Qc4+ Kh8 31. Rc7 Qd8 32. Qf7 Rg8 33. Qc4 b5 34.
Qc2 a5 35. Kf1 Qd5 1/2-1/2

[Event "MCR_O184"]
[Site "?"]
[Date "2004.??.??"]
[Round "?"]
[White "Zabrodsky, Zdenek"]
[Black "Sindelar, Frantisek"]
[Result "0-1"]
[WhiteElo "2000"]
[BlackElo "1823"]
[PlyCount "76"]
[EventDate "2004.??.??"]
[EventType "corr"]
[EventRounds "2"]
[SourceDate "2005.03.12"]

1. e4 e6 2. Bb5 c6 3. Bc4 d5 4. exd5 exd5 5. Bb3 Qg5 6. Qe2+ Ne7 7. f3 Na6 8.
Nc3 Qh4+ 9. g3 Qf6 10. d3 Be6 11. Be3 Nf5 12. Bf2 Bb4 13. O-O-O Bxc3 14. bxc3
Qxc3 15. Kb1 O-O 16. Qd2 Qxd2 17. Rxd2 c5 18. c3 d4 19. Ne2 Bxb3 20. axb3 dxc3
21. Nxc3 Rfd8 22. g4 Nd4 23. Bxd4 Rxd4 24. Re1 Kf8 25. Re4 Rad8 26. Rxd4 Rxd4
27. Nb5 Rb4 28. Nxa7 Rxb3+ 29. Kc2 Ra3 30. Kb2 Ra4 31. Kb3 Rf4 32. Rf2 Nb4 33.
Kc3 Nd5+ 34. Kd2 Rb4 35. Kc1 Nf4 36. Rd2 g5 37. Kc2 Ne6 38. Kd1 Nd4 0-1